| 000 | 03346nam a22005177a 4500 | ||
|---|---|---|---|
| 001 | 019233097 | ||
| 003 | TZ-ArACH | ||
| 005 | 20251107150519.0 | ||
| 006 | m || d | | ||
| 007 | cr ||||||||||| | ||
| 008 | 190131s2019 sz ob 000 0aeng d | ||
| 015 |
_aGBB928376 _2bnb |
||
| 020 |
_a9783030023089 _q(electronic bk.) |
||
| 020 |
_a9783030023072 _q(electronic bk.) |
||
| 037 |
_acom.springer.onix.9783030023089 _bSpringer Nature |
||
| 040 |
_aN$T _beng _cTZ-ArACH _dN$T _dUk _erda _epn |
||
| 042 | _aukblsr | ||
| 050 | 4 |
_aKJC3716 _b.B38 2019 |
|
| 072 | 7 |
_aBIO _x020000 _2bisacsh |
|
| 072 | 7 |
_aLAW _x101000 _2bisacsh |
|
| 072 | 7 |
_aLAW _x044000 _2bisacsh |
|
| 072 | 7 |
_aLAW _x052000 _2bisacsh |
|
| 072 | 7 |
_aLAW _x071000 _2bisacsh |
|
| 072 | 7 |
_aLAW _x098000 _2bisacsh |
|
| 072 | 7 |
_aLAW _x079000 _2bisacsh |
|
| 100 | 1 |
_aBaudenbacher, Carl _eauthor. _93098 |
|
| 245 | 1 | 0 |
_aJudicial Independence: _bMemoirs of a European Judge _cCarl Baudenbacher |
| 260 |
_aSwitzerland: _bSpringer; _c2019. |
||
| 300 | _axxxix, 520 p.: | ||
| 490 | 1 | _aSpringer biographies | |
| 504 | _aIncludes bibliographical references. | ||
| 505 | 0 | _aPreface,-Prologue.-Chapter 1: My pre-court life,-Chapter 2: EFTA Court judge by chance,- Chapter 3: The EEA – One area with two courts,- Chapter 4: The legacy of the five-member Court,- Chapter 5: Resurrection from the dead,- Chapter 6: The Member States – an unholy alliance,-Chapter 7: ESA – the great negotiator,-Chapter 8: Preliminary references – all options open?,- Chapter 9: A matter of interpretation, - Chapter 10: War over constitutional principles,- Chapter 11: Two early landmark cases: Veronika's struggle and enriched cereals,- Chapter 12: Fundamental rights – the EFTA Court amends the law,- Chapter 13: Putting the EFTA Court on the map,- Chapter 14: The economics of EEA Single Market law,- Chapter 15: Fundamental freedoms and the cursed proportionality test,- Chapter 16: Competition law – a rare pleasure,- Chapter 17: State aid law – a mixed pleasure,- Chapter 18: Secondary law – a wide sphere,- Chapter 19: Free movement of persons and social policy,- Chapter 20: Where's the beef?,- Chapter 21: Judicial dialogue between the ECJ and the EFTA Court,- Chapter 22: The Norwegian social model on the brink of downfall?,- Chapter 23: The failed decapitation of Kong Carl,- Chapter 24: 'Room for manoeuvre' for Norway!,- Chapter 25: The Icesave saga,- Chapter 26: Gunfight at the Oslo corral,- Chapter 27: Working methods and judicial style,- Chapter 28: Attack on the EFTA Court's integrity,- Chapter 29: The Commission – The EFTA Court's patron saint?,- Chapter 30: Switzerland – from EU-phobia to EU-philia?,- Chapter 31: Brexit – No to an 'ever closer Union',- Chapter 32: 'Two souls in Europe's breast",- Epilogue. | |
| 600 | 1 | 0 |
_aBaudenbacher, Carl. _93098 |
| 610 | 2 | 0 | _aEFTA Court. |
| 650 | 0 |
_aJudges _zEurope _vBiography. |
|
| 650 | 7 |
_aBIOGRAPHY & AUTOBIOGRAPHY / Lawyers & Judges. _2bisacsh |
|
| 650 | 7 |
_aLAW / Essays. _2bisacsh |
|
| 650 | 7 |
_aLAW / General Practice. _2bisacsh |
|
| 650 | 7 |
_aLAW / Jurisprudence. _2bisacsh |
|
| 650 | 7 |
_aLAW / Paralegals & Paralegalism. _2bisacsh |
|
| 650 | 7 |
_aLAW / Practical Guides. _2bisacsh |
|
| 650 | 7 |
_aLAW / Reference. _2bisacsh |
|
| 655 | 4 | _aElectronic books. | |
| 830 | 0 | _aSpringer biographies. | |
| 942 |
_2lcc _cBOOK |
||
| 999 |
_c7656 _d7656 |
||